000 01161naa a22002777a 4500
001 BR9606904
003 BR-BrBNA
005 20240918181717.0
007 ta
008 230509b bl.||||| |||| 00| 0 por d
040 _aBR-BrBNA
_bpor
_cBiblioteca Nacional de Agricultura
041 _a(Pt)
072 _aP30
090 _aP30 BR9606904
100 1 _aVieira, S.R.
100 1 _aDe Maria, I.C.
111 1 _a8. Congresso Brasileiro e Encontro Nacional de Pesquisa sobre Conservacao do Solo
_cLondrina, PR (Brazil)
_d22-29 Jul 1990
245 1 _aDelineamento experimental e analise estatistica na pesquisa em conservacao do solo
260 3 _aLondrina, PR (Brasil):
_c1996.
500 _aCastro Filho, C. de Manejo integrado de solos em microbacias hidrograficas Londrina, PR (Brasil): 1996. p. 257-268 (BR9606904-AM)P30
650 _aManejo do Solo
650 _aConservacao do Solo
773 0 _tManejo integrado de solos em microbacias hidrograficas
_aCastro Filho, C. de. Instituto Agronomico do Parana, Londrina (Brasil)
_wP30 BR9606904
_gLondrina, PR (Brasil), 1996. p. 257-268
909 _a202404
_bLucia
_c55
_dLucia Elande
942 _cAM
_2AGRIS
999 _c326494
_d326494